La renovación de la parroquia por medio de la Liturgia / (Record no. 116529)

MARC details
000 -LEADER
campo de control de longitud fija 00748nam a2200205 4500
001 - NÚMERO DE CONTROL
campo de control 116529
003 - IDENTIFICADOR DE NÚMERO DE CONTROL
campo de control ES-MaACL
005 - FECHA Y HORA DE LA ÚLTIMA TRANSACCIÓN
campo de control 20230906190725.0
007 - CAMPO FIJO DE DESCRIPCIÓN FÍSICA--INFORMACIÓN GENERAL
campo de control de longitud fija t|
008 - DATOS DE LONGITUD FIJA--INFORMACIÓN GENERAL
campo de control de longitud fija 061121s1957 sp r ||||1| spa d
100 1# - ENTRADA PRINCIPAL--NOMBRE DE PERSONA
Nombre de persona Parsch, Pius.
9 (RLIN) 89280
245 13 - MENCIÓN DEL TÍTULO
Título La renovación de la parroquia por medio de la Liturgia /
Mención de responsabilidad, etc. Liturgia popular por el Dr. Pio Parsch ; introducción y versión española de Don Jesús-María de Casia.
260 ## - PUBLICACIÓN, DISTRIBUCIÓN, ETC.
Lugar de publicación, distribución, etc. Pamplona :
Nombre del editor, distribuidor, etc. Desclée de Brouwer,
Fecha de publicación, distribución, etc. 1957.
300 ## - DESCRIPCIÓN FÍSICA
Extensión 400 p. ;
Dimensiones 19 cm.
490 1# - MENCIÓN DE SERIE
Mención de serie Biblioteca de estudios pastorales ;
Designación de volumen o secuencia 15
700 1# - ENTRADA AGREGADA--NOMBRE PERSONAL
Nombre de persona Casia, Jesús-María.
9 (RLIN) 36312
830 0# - PUNTO DE ACCESO ADICIONAL DE SERIE-TÍTULO UNIFORME
Título uniforme Biblioteca de estudios pastorales ;
Designación de volumen o secuencia 15
9 (RLIN) 181669
852 ## - LOCALIZACIÓN
Ubicación ES-MaACL
Número de control de estantería C-13420
Sublocalización o colección R.40496
Holdings
Estatus retirado Estado de pérdida Estado de daño No para préstamo Biblioteca de origen Biblioteca actual Ubicación en estantería Fecha de adquisición Fuente de adquisición Total de préstamos Signatura topográfica completa Código de barras Visto por última vez Precio de reemplazo Tipo de ítem Koha
        Biblioteca del Ateneo de Madrid Biblioteca del Ateneo de Madrid Sala Palomar 17/01/2008     C-13420 1121511 23/02/2023 23/02/2023 Libro impreso